000 01060cam a2200253 a 4500
005 20161030020002.0
008 990924s1998 ck a b 000 0 spa
020 _a9589037674
040 _aDLC
_cDLC
_dCO-BoIAVH
041 0 _aspa
044 _ack
082 0 4 _a025.52
_bB27m
245 0 0 _aMercadeo de servicios de información /
_cinvestigador principal, Efrén Barrera Restrepo.
260 _aMedellín (Colombia) :
_bColciencias,
_c1998.
300 _a262 páginas :
_bgráficas, ilustraciones ;
_c25 x 17 cm.
504 _aIncluye referencias bibliográficas (páginas 259-262).
650 6 _aBibliotecas
_xMercadeo.
650 6 _aServicios de información
_xMercadeo.
650 6 _aBibliotecas
_zColombia
_xMercadeo.
650 6 _aServicios de información
_zColombia
_xMercadeo.
700 1 _aBarrera Restrepo, Efrén.
_eInvestigador titular
710 2 _aUniversidad de Antioquia
_b, Escuela Interamericana de Bibliotecología
_bCentro de investigación en ciencias de la información
942 _2ddc
_cLIBRO
_01
999 _c1377
_d1377